LDR 00939naa#a2200169#i#450# 001 RU\\bibl\124044 005 20260606222502.6 011 ## _a2073-1574 100 ## _a20260529b2026####ek#y0rusy0150####ca 102 ## _aRU 200 1# _aСнижение теплоотдачи в пусковом режиме судового газотурбинного двигателя _eЖурнальная статья 210 1# _aАстрахань _cАстраханский государственный технический университет _d2026 215 ## _a7 с. 608 ## _aЖурнальная статья _2local 675 ## _aТеплопередача. Теплообмен между твердым телом и жидкостью или газом. 536.24 _aВнешние условия, определяющие течение жидкостей. 532.52 _z 700 #1 _aВолодин _gЮрий Гурьянович 856 4# _avestnik.astu.org _u